Name the basketball player (NBA and PBA) - Statistics

General Stats
  • This quiz has been taken 162 times
  • The average score is 19 of 40
Answer Stats
Picture Answer % Correct
Anthony Davis
84%
Kobe Bryant
66%
Paul Lee
65%
Terrence Romeo
64%
June Mar Fajardo
63%
Andrei Kirilenko
62%
Beau Belga
62%
Calvin Abueva
62%
James Yap
62%
Reggie Miller
61%
Benjie Paras
60%
Marc Pingris
59%
Zion Williamson
59%
LA Tenorio
57%
Ja Morant
54%
Jayjay Helterbrand
54%
Greg Oden
53%
Mark Caguioa
52%
Kelly Williams
51%
Arwind Santos
50%
Asi Taulava
50%
Gary David
50%
Chris Ross
49%
Hedo Turkoglu
48%
Alex Cabagnot
47%
Sam Cassell
44%
Chris Newsome
43%
Jared Dillinger
43%
Marlou Aquino
42%
Chris Kaman
41%
Atoy Co
38%
Eric Menk
37%
Anthony Semerad
32%
Cyrus Baguio
32%
CJ McCollum
30%
Ken Bono
28%
Hamed Haddadi
26%
Vergel Meneses
21%
Kris Rosales
20%
Cyrus Baguio
18%
No matching quizzes found
Score Distribution
Percent of People with Each Score
Percentile by Number Answered
Your Score History
You have not taken this quiz